[Event "Lloyds Bank Masters 13th"]
[Site "London"]
[Date "1989.08.23"]
[Round "5"]
[White "Eingorn, Vereslav S"]
[Black "Edelman, Daniel"]
[Result "1-0"]
[WhiteElo "2560"]
[BlackElo "2355"]
[PlyCount "83"]
[EventDate "1989.08.19"]
[EventType "swiss"]
[EventRounds "10"]
[EventCountry "ENG"]
[SourceTitle "BritBase"]
[Source "John Saunders"]
[SourceDate "2020.09.07"]
[SourceVersion "1"]
[SourceVersionDate "2020.09.07"]
[SourceQuality "2"]

1. d4 Nf6 2. Nf3 g6 3. c4 Bg7 4. Nc3 d6 5. e4 O-O 6. Be2 e5 7. O-O Nc6 8. d5
Ne7 9. Bg5 h6 10. Bxf6 Bxf6 11. b4 Kg7 12. c5 Ng8 13. a4 Be7 14. c6 f5 15. cxb7
Bxb7 16. Rc1 c6 17. Bc4 Nf6 18. exf5 gxf5 19. dxc6 Bxc6 20. Be6 Bd7 21. Bxd7
Qxd7 22. Nd5 Rac8 23. Nxe7 Qxe7 24. Nh4 Rxc1 25. Nxf5+ Kf7 26. Qxc1 Qd7 27. Qc2
e4 28. Ne3 d5 29. Rd1 Rc8 30. Qb3 Kg6 31. f3 exf3 32. Nxd5 Nxd5 33. Rxd5 f2+
34. Kxf2 Qf7+ 35. Qf3 Rc2+ 36. Kg3 Qc7+ 37. Kh3 Rc3 38. Rd3 Rxd3 39. Qxd3+ Kf6
40. Qf3+ Ke6 41. b5 Qc2 42. Qc6+ 1-0

[Event "Lloyds Bank Masters 13th"]
[Site "London"]
[Date "1989.08.23"]
[Round "5"]
[White "Hanreck, Alan E"]
[Black "Murugan, Krishnamoorthy"]
[Result "0-1"]
[WhiteElo "2280"]
[BlackElo "2450"]
[PlyCount "80"]
[EventDate "1989.08.19"]
[EventType "swiss"]
[EventRounds "10"]
[EventCountry "ENG"]
[SourceTitle "BritBase"]
[Source "John Saunders"]
[SourceDate "2020.09.07"]
[SourceVersion "1"]
[SourceVersionDate "2020.09.07"]
[SourceQuality "2"]

1. c4 Nf6 2. Nc3 c5 3. g3 g6 4. Bg2 Bg7 5. e4 Nc6 6. Nge2 O-O 7. O-O d6 8. d3
Bd7 9. h3 Ne8 10. f4 Nd4 11. Nxd4 cxd4 12. Ne2 b5 13. cxb5 Bxb5 14. a4 Bc6 15.
b4 a6 16. Qb3 Qd7 17. Kh2 Nc7 18. Bb2 e5 19. Rfc1 Rac8 20. fxe5 dxe5 21. Rc5
Ne6 22. Ra5 Bb7 23. Ba3 Qd8 24. Rf1 Qb6 25. Qa2 Rc7 26. Qd2 Rfc8 27. Rc1 Rxc1
28. Bxc1 Qc7 29. Bf3 Qc2 30. b5 axb5 31. Rxb5 Qxd2 32. Bxd2 Ba6 33. Rb2 Bxd3
34. Nc1 Ba6 35. Bg4 h5 36. Bd1 Nc5 37. Rb6 Bc4 38. a5 Nxe4 39. Bb4 Bh6 40. Bc2
Bd5 0-1

[Event "Lloyds Bank Masters 13th"]
[Site "London"]
[Date "1989.08.23"]
[Round "5"]
[White "Hassabis, Demis"]
[Black "Flear, Glenn C"]
[Result "0-1"]
[WhiteElo "2320"]
[BlackElo "2435"]
[PlyCount "62"]
[EventDate "1989.08.19"]
[EventType "swiss"]
[EventRounds "10"]
[EventCountry "ENG"]
[SourceTitle "BritBase"]
[Source "John Saunders"]
[SourceDate "2020.09.07"]
[SourceVersion "1"]
[SourceVersionDate "2020.09.07"]
[SourceQuality "2"]

1. e4 e5 2. Bc4 Nf6 3. d3 Nc6 4. Nf3 Bc5 5. c3 a6 6. b4 Ba7 7. a4 d6 8. Bg5 h6
9. Bh4 g5 10. Bg3 Qe7 11. Nbd2 Nd8 12. O-O Ne6 13. Re1 h5 14. d4 h4 15. Bxe5
dxe5 16. Nxe5 Bd7 17. d5 Nf4 18. Ndf3 O-O-O 19. d6 cxd6 20. Nxf7 d5 21. Bxd5
N6xd5 22. Nxd8 Nc7 23. Nxb7 Kxb7 24. Nd4 g4 25. b5 a5 26. Nc6 Qc5 27. Nxa7 g3
28. Rf1 gxf2+ 29. Kh1 Nh5 30. g4 hxg3 31. Qf3 Bh3 0-1

[Event "Lloyds Bank Masters 13th"]
[Site "London"]
[Date "1989.08.23"]
[Round "5"]
[White "Johansson, Jan"]
[Black "Sadler, Matthew D"]
[Result "0-1"]
[WhiteElo "2365"]
[BlackElo "2455"]
[PlyCount "58"]
[EventDate "1989.08.19"]
[EventType "swiss"]
[EventRounds "10"]
[EventCountry "ENG"]
[SourceTitle "BritBase"]
[Source "John Saunders"]
[SourceDate "2020.09.07"]
[SourceVersion "1"]
[SourceVersionDate "2020.09.07"]
[SourceQuality "2"]

1. d4 d5 2. Nf3 e6 3. c4 dxc4 4. e3 Nf6 5. Bxc4 a6 6. O-O c5 7. Nc3 Nc6 8. a3
b5 9. Bd3 Bb7 10. Bc2 Qc7 11. Qe2 Bd6 12. Ne4 Nxe4 13. Bxe4 cxd4 14. exd4 Ne7
15. Re1 O-O 16. Ng5 Nf5 17. Qh5 h6 18. Bxf5 exf5 19. Nf3 Be4 20. Bd2 Rfe8 21.
Bc3 Qb7 22. Nh4 Qd5 23. f3 Bd3 24. Rad1 Rxe1+ 25. Rxe1 Kh7 26. Bd2 Qxd4+ 27.
Kh1 Qf2 28. Qxf7 Qxh4 29. f4 Bxf4 0-1

[Event "Lloyds Bank Masters 13th"]
[Site "London"]
[Date "1989.08.23"]
[Round "5"]
[White "Kekki, Jorma J"]
[Black "Franklin, Michael J"]
[Result "1/2-1/2"]
[WhiteElo "2260"]
[BlackElo "2310"]
[PlyCount "40"]
[EventDate "1989.08.19"]
[EventType "swiss"]
[EventRounds "10"]
[EventCountry "ENG"]
[SourceTitle "BritBase"]
[Source "John Saunders"]
[SourceDate "2020.09.07"]
[SourceVersion "1"]
[SourceVersionDate "2020.09.07"]
[SourceQuality "2"]

1. Nf3 Nf6 2. c4 e6 3. g3 b6 4. Bg2 Bb7 5. O-O Be7 6. d4 c6 7. b3 d5 8. Bb2 O-O
9. Nc3 Nbd7 10. Nd2 Rb8 11. e4 dxe4 12. Ndxe4 Nxe4 13. Nxe4 Nf6 14. Qe2 Nxe4
15. Bxe4 Bf6 16. Rad1 Qe7 17. Rfe1 Rfd8 18. Qc2 g6 19. d5 cxd5 20. Bxd5 Bxb2
1/2-1/2

[Event "Lloyds Bank Masters 13th"]
[Site "London"]
[Date "1989.08.23"]
[Round "5"]
[White "Lane, Gary William"]
[Black "Smyslov, Vassily V"]
[Result "1/2-1/2"]
[WhiteElo "2385"]
[BlackElo "2570"]
[PlyCount "85"]
[EventDate "1989.08.19"]
[EventType "swiss"]
[EventRounds "10"]
[EventCountry "ENG"]
[SourceTitle "BritBase"]
[Source "John Saunders"]
[SourceDate "2020.09.07"]
[SourceVersion "1"]
[SourceVersionDate "2020.09.07"]
[SourceQuality "2"]

1. e4 d6 2. d4 g6 3. Nc3 Bg7 4. Be3 Nd7 5. g3 e5 6. Bg2 Ngf6 7. h3 exd4 8. Bxd4
O-O 9. Nge2 Re8 10. O-O c6 11. a4 b6 12. g4 Nc5 13. Ng3 Ba6 14. Re1 Ne6 15. Be3
d5 16. exd5 Nxd5 17. Nxd5 cxd5 18. Qxd5 Bxb2 19. Rab1 Qf6 20. Ne4 Qg7 21. Rxb2
Qxb2 22. c3 Rad8 23. Qe5 Ng7 24. Nf6+ Kh8 25. Nxe8 Rxe8 26. Qf6 Qa3 27. Qxf7
Qe7 28. Qxe7 Rxe7 29. Rd1 Ne6 30. Bh6 Kg8 31. f4 Kf7 32. f5 gxf5 33. gxf5 Nc5
34. Rd8 Kf6 35. Rf8+ Ke5 36. f6 Rd7 37. Bg7 Ne6 38. Re8 Kf5 39. Be4+ Kxe4 40.
Rxe6+ Kf3 41. Re7 Rd1+ 42. Kh2 Rd2+ 43. Kg1 1/2-1/2

[Event "Lloyds Bank Masters 13th"]
[Site "London"]
[Date "1989.08.23"]
[Round "5"]
[White "Large, Peter G"]
[Black "Hodgson, Julian M"]
[Result "1/2-1/2"]
[WhiteElo "2340"]
[BlackElo "2535"]
[PlyCount "126"]
[EventDate "1989.08.19"]
[EventType "swiss"]
[EventRounds "10"]
[EventCountry "ENG"]
[SourceTitle "BritBase"]
[Source "John Saunders"]
[SourceDate "2020.09.07"]
[SourceVersion "1"]
[SourceVersionDate "2020.09.07"]
[SourceQuality "2"]

1. e4 e6 2. d4 d5 3. Nc3 dxe4 4. Nxe4 Bd7 5. Nf3 Bc6 6. Bd3 Nd7 7. O-O Ngf6 8.
Neg5 Bd6 9. Qe2 Bxf3 10. Nxf3 O-O 11. c4 c6 12. b3 Qa5 13. Re1 Rad8 14. a3 Rfe8
15. Bb2 Qh5 16. Ne5 Qxe2 17. Bxe2 Bc7 18. Nf3 e5 19. dxe5 Nxe5 20. Rad1 Rxd1
21. Rxd1 Neg4 22. Bf1 Ne4 23. Bd4 c5 24. h3 Ngf6 25. Bb2 Kf8 26. Bd3 Rd8 27.
Bc2 Rxd1+ 28. Bxd1 Ke7 29. Bc2 g6 30. Kf1 Ba5 31. Ke2 Bc3 32. Bxc3 Nxc3+ 33.
Ke3 b5 34. Ne5 a6 35. f3 Ke6 36. Nc6 Nd7 37. Kd3 Na2 38. Nd8+ Kf6 39. cxb5 axb5
40. Nc6 Ne5+ 41. Nxe5 Kxe5 42. g3 Kd5 43. h4 c4+ 44. bxc4+ bxc4+ 45. Ke3 Nc3
46. a4 Kc5 47. g4 Nd5+ 48. Ke4 Nb4 49. Bb1 Nc6 50. f4 c3 51. g5 Kb4 52. Bc2 Ka3
53. Bd1 Kb2 54. Kd5 Na5 55. Kd4 Nb3+ 56. Ke5 Nc5 57. Kd4 Nb3+ 58. Kd5 Na5 59.
Kc5 c2 60. Bxc2 Kxc2 61. Kb5 Nb3 62. Kc4 Na5+ 63. Kb5 Nb3 1/2-1/2

[Event "Lloyds Bank Masters 13th"]
[Site "London"]
[Date "1989.08.23"]
[Round "5"]
[White "Plaskett, H James"]
[Black "Emms, John M"]
[Result "1-0"]
[WhiteElo "2460"]
[BlackElo "2300"]
[PlyCount "69"]
[EventDate "1989.08.19"]
[EventType "swiss"]
[EventRounds "10"]
[EventCountry "ENG"]
[SourceTitle "BritBase"]
[Source "John Saunders"]
[SourceDate "2020.09.07"]
[SourceVersion "1"]
[SourceVersionDate "2020.09.07"]
[SourceQuality "2"]

1. e4 e5 2. Nf3 Nc6 3. Bb5 a6 4. Ba4 Nf6 5. O-O Be7 6. Bxc6 dxc6 7. Qe1 Nd7 8.
b3 c5 9. Bb2 Bd6 10. d3 O-O 11. Nbd2 b5 12. Qe3 h6 13. g3 Re8 14. a4 Rb8 15.
axb5 axb5 16. Ba3 Nf6 17. Nh4 Bh3 18. Rfe1 Ra8 19. f3 Qe7 20. Bb2 Kh7 21. Kh1
g6 22. Qf2 Bd7 23. Nf1 Bc6 24. Ne3 Rxa1 25. Rxa1 Ra8 26. Rxa8 Bxa8 27. Kg1 Nh5
28. Ng4 Qg5 29. Qe1 f5 30. exf5 gxf5 31. Nxe5 Nf4 32. Nf7 Nh3+ 33. Kg2 Nf4+ 34.
Kf1 Qe7 35. Nxd6 1-0

[Event "Lloyds Bank Masters 13th"]
[Site "London"]
[Date "1989.08.23"]
[Round "5"]
[White "Rogers, Ian"]
[Black "Lehtivaara, Risto"]
[Result "1-0"]
[WhiteElo "2470"]
[BlackElo "2295"]
[PlyCount "79"]
[EventDate "1989.08.19"]
[EventType "swiss"]
[EventRounds "10"]
[EventCountry "ENG"]
[SourceTitle "BritBase"]
[Source "John Saunders"]
[SourceDate "2020.09.07"]
[SourceVersion "1"]
[SourceVersionDate "2020.09.07"]
[SourceQuality "2"]

1. e4 e6 2. d4 d5 3. Nc3 Bb4 4. e5 c5 5. a3 Bxc3+ 6. bxc3 Qc7 7. Nf3 Ne7 8. a4
b6 9. Bb5+ Bd7 10. Be2 Nbc6 11. O-O f6 12. exf6 gxf6 13. c4 dxc4 14. dxc5 Na5
15. cxb6 axb6 16. Nd4 O-O-O 17. Qe1 e5 18. Nb5 Bxb5 19. axb5 Nd5 20. Bf3 f5 21.
g3 e4 22. Bg2 Kb7 23. f3 Qc5+ 24. Kh1 e3 25. f4 Rhe8 26. Bb2 Qxb5 27. Bd4 e2
28. Rg1 Nc6 29. Rb1 Qa6 30. Qf2 Nxd4 31. Qxd4 Kc6 32. Rge1 b5 33. Qf6+ Rd6 34.
Qxf5 Qc8 35. Qxh7 Kc5 36. Qa7+ Rb6 37. Bxd5 Qb8 38. Qf7 Rd6 39. Bf3 Rd2 40.
Qf5+ 1-0

[Event "Lloyds Bank Masters 13th"]
[Site "London"]
[Date "1989.08.23"]
[Round "5"]
[White "Singh, Sukh Dave"]
[Black "Kinsman, Andrew PH"]
[Result "1-0"]
[WhiteElo "2225"]
[BlackElo "2335"]
[PlyCount "43"]
[EventDate "1989.08.19"]
[EventType "swiss"]
[EventRounds "10"]
[EventCountry "ENG"]
[SourceTitle "BritBase"]
[Source "John Saunders"]
[SourceDate "2020.09.07"]
[SourceVersion "1"]
[SourceVersionDate "2020.09.07"]
[SourceQuality "2"]

1. e4 e5 2. Nf3 Nc6 3. Bb5 Nd4 4. Nxd4 exd4 5. O-O Bc5 6. d3 c6 7. Ba4 Ne7 8.
f4 f5 9. e5 d5 10. Nd2 O-O 11. Nf3 Be6 12. Qe1 a5 13. a3 b5 14. Bb3 h6 15. Qf2
Qb6 16. c3 b4 17. axb4 dxc3 18. Qxc5 cxb2 19. Bxb2 Qxc5+ 20. bxc5 Rfb8 21. Nd4
Kf7 22. Bc3 1-0

[Event "Lloyds Bank Masters 13th"]
[Site "London"]
[Date "1989.08.23"]
[Round "5"]
[White "Thipsay, Praveen Mahadeo"]
[Black "Regan, Natasha"]
[Result "1-0"]
[WhiteElo "2415"]
[BlackElo "2320"]
[PlyCount "65"]
[EventDate "1989.08.19"]
[EventType "swiss"]
[EventRounds "10"]
[EventCountry "ENG"]
[SourceTitle "BritBase"]
[Source "John Saunders"]
[SourceDate "2020.09.07"]
[SourceVersion "1"]
[SourceVersionDate "2020.09.07"]
[SourceQuality "2"]

1. e4 c5 2. Nf3 d6 3. d4 cxd4 4. Nxd4 Nf6 5. Nc3 a6 6. Be2 e5 7. Nb3 Be7 8. O-O
Be6 9. f4 Qc7 10. a4 Nbd7 11. Kh1 O-O 12. a5 Rfd8 13. f5 Bc4 14. Be3 Rac8 15.
Bxc4 Qxc4 16. Ra4 Qc6 17. Qf3 Nc5 18. Rc4 Qe8 19. Rb4 Rd7 20. Bg5 Nxb3 21. Rxb3
Qd8 22. Bxf6 Bxf6 23. Ra3 Rc5 24. b4 Rc4 25. Rb3 Bg5 26. g3 Bd2 27. Nd5 Rxc2
28. f6 Rc1 29. Rxc1 Bxc1 30. Qg4 g6 31. Rc3 h5 32. Qh3 Bg5 33. Rc8 1-0

[Event "Lloyds Bank Masters 13th"]
[Site "London"]
[Date "1989.08.24"]
[Round "6"]
[White "Berg, Klaus"]
[Black "Ward, Christopher"]
[Result "0-1"]
[WhiteElo "2420"]
[BlackElo "2380"]
[PlyCount "78"]
[EventDate "1989.08.19"]
[EventType "swiss"]
[EventRounds "10"]
[EventCountry "ENG"]
[SourceTitle "BritBase"]
[Source "John Saunders"]
[SourceDate "2020.09.07"]
[SourceVersion "1"]
[SourceVersionDate "2020.09.07"]
[SourceQuality "2"]

1. Nf3 c5 2. e3 Nf6 3. d4 e6 4. Bd3 b6 5. O-O Bb7 6. c4 cxd4 7. exd4 Be7 8. Nc3
d6 9. d5 e5 10. Ng5 h6 11. Nge4 Nxe4 12. Nxe4 O-O 13. Qh5 Nd7 14. Bxh6 gxh6 15.
Qxh6 f5 16. Qg6+ Kh8 17. f4 fxe4 18. Bxe4 Nf6 19. Qh6+ Kg8 20. Qg5+ Kh8 21.
Qh6+ Kg8 22. Bg6 e4 23. f5 Qc7 24. Rf4 Bd8 25. Rh4 Qg7 26. Qd2 b5 27. Rh3 Bb6+
28. Kh1 Ng4 29. Bh7+ Qxh7 30. Rxh7 Kxh7 31. Rf1 Rf6 32. Qe2 Rg8 33. Qxe4 Rg7
34. h3 bxc4 35. Qxc4 Ne3 36. Qh4+ Rh6 37. Qf4 Bxd5 38. Rf3 Nxg2 39. f6 Nxf4 0-1

[Event "Lloyds Bank Masters 13th"]
[Site "London"]
[Date "1989.08.24"]
[Round "6"]
[White "Chernin, Alexander"]
[Black "Hebden, Mark L"]
[Result "1/2-1/2"]
[WhiteElo "2580"]
[BlackElo "2520"]
[PlyCount "63"]
[EventDate "1989.08.19"]
[EventType "swiss"]
[EventRounds "10"]
[EventCountry "ENG"]
[SourceTitle "BritBase"]
[Source "John Saunders"]
[SourceDate "2020.09.07"]
[SourceVersion "1"]
[SourceVersionDate "2020.09.07"]
[SourceQuality "2"]

1. d4 Nf6 2. Nf3 c5 3. c4 cxd4 4. Nxd4 e5 5. Nb5 d5 6. cxd5 Bc5 7. e3 O-O 8.
N5c3 e4 9. Be2 Qe7 10. Qc2 Rd8 11. O-O Bf5 12. Rd1 Nbd7 13. Nd2 Rac8 14. Nf1
Ne5 15. Bd2 Bg6 16. Be1 h5 17. Qa4 a6 18. b4 Bxb4 19. Nxe4 Bxe1 20. Nxf6+ Qxf6
21. Rxe1 Rxd5 22. Qb3 Rd7 23. Rac1 Rcd8 24. Red1 Nd3 25. Bxd3 Bxd3 26. Qb4 b5
27. h3 Qg5 28. Re1 Ra8 29. Nd2 a5 30. Qb2 Qg6 31. Rc5 Qd6 32. Rec1 1/2-1/2

[Event "Lloyds Bank Masters 13th"]
[Site "London"]
[Date "1989.08.24"]
[Round "6"]
[White "Fatin, Tarek"]
[Black "Beaumont, Chris"]
[Result "0-1"]
[WhiteElo "2325"]
[BlackElo "2415"]
[PlyCount "62"]
[EventDate "1989.08.19"]
[EventType "swiss"]
[EventRounds "10"]
[EventCountry "ENG"]
[SourceTitle "BritBase"]
[Source "John Saunders"]
[SourceDate "2020.09.07"]
[SourceVersion "1"]
[SourceVersionDate "2020.09.07"]
[SourceQuality "2"]

1. c4 c5 2. Nc3 g6 3. g3 Bg7 4. Bg2 Nc6 5. d3 d6 6. e3 e5 7. Nge2 Nge7 8. O-O
O-O 9. a3 Rb8 10. Rb1 a5 11. Qb3 Be6 12. Nd5 Na7 13. Nxe7+ Qxe7 14. Qb6 Nc6 15.
Bd2 e4 16. Bxe4 Bxc4 17. Nc3 Ne5 18. Nd5 Qd7 19. Bxa5 Nxd3 20. Bg2 Ne5 21. Rfe1
Rbc8 22. Nf4 d5 23. Bh3 f5 24. Bg2 Rf6 25. Qa7 Ra6 26. Qxa6 Bxa6 27. b3 Bd3 28.
Bxd5+ Kf8 29. Rbd1 g5 30. Be6 Qc6 31. Bxc8 Nf3+ 0-1

[Event "Lloyds Bank Masters 13th"]
[Site "London"]
[Date "1989.08.24"]
[Round "6"]
[White "Flear, Glenn C"]
[Black "Wind, Michiel A"]
[Result "0-1"]
[WhiteElo "2435"]
[BlackElo "2235"]
[PlyCount "84"]
[EventDate "1989.08.19"]
[EventType "swiss"]
[EventRounds "10"]
[EventCountry "ENG"]
[SourceTitle "BritBase"]
[Source "John Saunders"]
[SourceDate "2020.09.07"]
[SourceVersion "1"]
[SourceVersionDate "2020.09.07"]
[SourceQuality "2"]

1. d4 e6 2. c4 f5 3. g3 Nf6 4. Bg2 Bb4+ 5. Nd2 O-O 6. Ngf3 a5 7. O-O Nc6 8. Qc2
Qe8 9. c5 Bxd2 10. Bxd2 d6 11. cxd6 cxd6 12. Rac1 Bd7 13. Rfd1 h6 14. Qb3 Qe7
15. Nh4 Kh7 16. Be3 g5 17. Nf3 Nd5 18. Ne1 Ncb4 19. Bd2 Bc6 20. Bxb4 axb4 21.
Nc2 Rf7 22. Re1 Kg7 23. Nxb4 Nxb4 24. Qxb4 Bxg2 25. Kxg2 Rxa2 26. Rc8 d5 27.
Qb3 Ra6 28. Rec1 Rd6 29. Rb8 Rd8 30. Rcc8 Rxc8 31. Rxc8 Qf6 32. Qe3 Rf8 33.
Rxf8 Kxf8 34. Qa3+ Kf7 35. Qa8 Qxd4 36. Qxb7+ Kg6 37. Qb5 Kf6 38. b3 g4 39. Qd3
Qxd3 40. exd3 Ke5 41. f3 d4 42. h3 h5 0-1

[Event "Lloyds Bank Masters 13th"]
[Site "London"]
[Date "1989.08.24"]
[Round "6"]
[White "Hodgson, Julian M"]
[Black "Dunnington, Angus J"]
[Result "1-0"]
[WhiteElo "2535"]
[BlackElo "2380"]
[PlyCount "63"]
[EventDate "1989.08.19"]
[EventType "swiss"]
[EventRounds "10"]
[EventCountry "ENG"]
[SourceTitle "BritBase"]
[Source "John Saunders"]
[SourceDate "2020.09.07"]
[SourceVersion "1"]
[SourceVersionDate "2020.09.07"]
[SourceQuality "2"]

1. e4 g6 2. d4 Bg7 3. f4 d5 4. e5 Nh6 5. Nf3 f6 6. c4 c6 7. Nc3 O-O 8. Be2 Kh8
9. O-O dxc4 10. Bxc4 Nd7 11. Bb3 Nb6 12. h3 Nd5 13. Nxd5 cxd5 14. g4 fxe5 15.
dxe5 e6 16. Be3 Bd7 17. Qd3 Nf7 18. Rf2 a5 19. g5 Qe8 20. h4 Bb5 21. Qd1 h5 22.
Nd4 Bd7 23. Rc1 Nd8 24. a4 Rb8 25. Rc7 Nc6 26. Nb5 d4 27. Bxd4 Nxd4 28. Qxd4
Bxb5 29. axb5 Rd8 30. Qe4 Rf5 31. Rxb7 Rc8 32. Kg2 1-0

[Event "Lloyds Bank Masters 13th"]
[Site "London"]
[Date "1989.08.24"]
[Round "6"]
[White "Kekki, Jorma J"]
[Black "Law, Andrew P"]
[Result "1/2-1/2"]
[WhiteElo "2260"]
[BlackElo "2325"]
[PlyCount "33"]
[EventDate "1989.08.19"]
[EventType "swiss"]
[EventRounds "10"]
[EventCountry "ENG"]
[SourceTitle "BritBase"]
[Source "John Saunders"]
[SourceDate "2020.09.07"]
[SourceVersion "1"]
[SourceVersionDate "2020.09.07"]
[SourceQuality "2"]

1. Nf3 d5 2. d4 Nf6 3. c4 dxc4 4. Nc3 c6 5. a4 Bf5 6. e3 e6 7. Bxc4 Bb4 8. O-O
Nbd7 9. Qe2 Bg6 10. Bd2 O-O 11. Rfd1 Qe7 12. Na2 Bd6 13. Bc3 Ne4 14. Bd3 c5 15.
Be1 Rac8 16. Nc3 Ndf6 17. Nxe4 1/2-1/2

[Event "Lloyds Bank Masters 13th"]
[Site "London"]
[Date "1989.08.24"]
[Round "6"]
[White "Lodhi, Mahmood"]
[Black "Kosten, Anthony C"]
[Result "0-1"]
[WhiteElo "2410"]
[BlackElo "2500"]
[PlyCount "94"]
[EventDate "1989.08.19"]
[EventType "swiss"]
[EventRounds "10"]
[EventCountry "ENG"]
[SourceTitle "BritBase"]
[Source "John Saunders"]
[SourceDate "2020.09.07"]
[SourceVersion "1"]
[SourceVersionDate "2020.09.07"]
[SourceQuality "2"]

1. d4 Nf6 2. c4 e6 3. Nc3 Bb4 4. e3 c5 5. Nge2 cxd4 6. exd4 d5 7. a3 Be7 8. c5
O-O 9. g3 b6 10. b4 a5 11. Rb1 axb4 12. axb4 bxc5 13. bxc5 Nc6 14. Bg2 Ba6 15.
O-O Qd7 16. Bf4 Nh5 17. Be3 g6 18. Qc2 Bf6 19. g4 Ng7 20. Rfd1 h5 21. h3 Bc4
22. Nf4 hxg4 23. hxg4 Rfb8 24. Rb2 Rxb2 25. Qxb2 Rb8 26. Qa3 Ne8 27. Bf3 Rb3
28. Qa1 Qb7 29. Ncxd5 exd5 30. Nxd5 Bg7 31. Qa4 Qb5 32. Qa8 Nb8 33. Ne7+ Kf8
34. Nc8 Be2 35. Re1 Rb1 36. Rxb1 Qxb1+ 37. Kh2 Nc7 38. Qe4 Qxe4 39. Bxe4 Bxg4
40. d5 Bxc8 41. Bf4 Nba6 42. c6 f5 43. Bg2 Bf6 44. Bd6+ Be7 45. Be5 Ne8 46. f4
Bd6 47. Kg3 Nb4 0-1

[Event "Lloyds Bank Masters 13th"]
[Site "London"]
[Date "1989.08.24"]
[Round "6"]
[White "Murugan, Krishnamoorthy"]
[Black "Eingorn, Vereslav S"]
[Result "1/2-1/2"]
[WhiteElo "2450"]
[BlackElo "2560"]
[PlyCount "48"]
[EventDate "1989.08.19"]
[EventType "swiss"]
[EventRounds "10"]
[EventCountry "ENG"]
[SourceTitle "BritBase"]
[Source "John Saunders"]
[SourceDate "2020.09.07"]
[SourceVersion "1"]
[SourceVersionDate "2020.09.07"]
[SourceQuality "2"]

1. d4 Nf6 2. c4 e6 3. Nf3 b6 4. g3 Ba6 5. Qc2 Bb7 6. Bg2 c5 7. O-O cxd4 8. Nxd4
Bxg2 9. Kxg2 Qc8 10. b3 Nc6 11. Bb2 Be7 12. Nd2 O-O 13. Rac1 Qb7 14. Nxc6 Rac8
15. Kg1 Qxc6 16. Rfd1 Rfd8 17. Qd3 d5 18. cxd5 Qxd5 19. Qxd5 Nxd5 20. Nc4 Bg5
21. f4 Bf6 22. Bxf6 gxf6 23. Kf2 Kf8 24. Ne3 Re8 1/2-1/2

[Event "Lloyds Bank Masters 13th"]
[Site "London"]
[Date "1989.08.24"]
[Round "6"]
[White "Rahman, Ziaur"]
[Black "Hennigan, Michael"]
[Result "0-1"]
[WhiteElo "2340"]
[BlackElo "2345"]
[PlyCount "104"]
[EventDate "1989.08.19"]
[EventType "swiss"]
[EventRounds "10"]
[EventCountry "ENG"]
[SourceTitle "BritBase"]
[Source "John Saunders"]
[SourceDate "2020.09.07"]
[SourceVersion "1"]
[SourceVersionDate "2020.09.07"]
[SourceQuality "2"]

1. e4 Nf6 2. e5 Nd5 3. d4 d6 4. Nf3 g6 5. b3 Bg7 6. Bb2 O-O 7. c4 Nb4 8. a3
N4c6 9. Be2 Nd7 10. e6 fxe6 11. Ng5 Nf6 12. O-O e5 13. d5 h6 14. Nf3 Nb8 15.
Nbd2 e6 16. Nh4 g5 17. Ng6 Rf7 18. h4 exd5 19. cxd5 Bf5 20. h5 Nxd5 21. Bc4 c6
22. g4 Be6 23. Ne4 b5 24. Be2 a5 25. Qd3 Raa7 26. Bc1 Rad7 27. Bd1 Na6 28. f3
Nf4 29. Nxf4 exf4 30. Rb1 Nc5 31. Qe2 Nxe4 32. Qxe4 Bd5 33. Qd3 Qb6+ 34. Kg2
Qd4 35. Qg6 Qf6 36. Qd3 Rde7 37. Bc2 Qc3 38. Qh7+ Kf8 39. Bd3 Re3 40. Bxe3 fxe3
41. Be2 Bxb3 42. Qd3 Qxd3 43. Bxd3 a4 44. Be2 Ke7 45. Rfc1 Kd7 46. Bd3 d5 47.
Be2 Kd6 48. Rf1 Be5 49. Rfe1 Rb7 50. Bd3 d4 51. Kf1 c5 52. Ke2 c4 0-1

[Event "Lloyds Bank Masters 13th"]
[Site "London"]
[Date "1989.08.24"]
[Round "6"]
[White "Ravikumar, Vaidyanathan"]
[Black "Plaskett, H James"]
[Result "0-1"]
[WhiteElo "2325"]
[BlackElo "2460"]
[PlyCount "184"]
[EventDate "1989.08.19"]
[EventType "swiss"]
[EventRounds "10"]
[EventCountry "ENG"]
[SourceTitle "BritBase"]
[Source "John Saunders"]
[SourceDate "2020.09.07"]
[SourceVersion "1"]
[SourceVersionDate "2020.09.07"]
[SourceQuality "2"]

1. d4 Nf6 2. Nf3 e6 3. c4 b6 4. Nc3 Bb4 5. e3 Bb7 6. Qb3 Bxc3+ 7. Qxc3 O-O 8.
b3 d6 9. Bb2 Ne4 10. Qc2 f5 11. Bd3 Nd7 12. O-O-O Qe7 13. Rhg1 b5 14. g4 bxc4
15. bxc4 Nxf2 16. Qxf2 fxg4 17. d5 Rxf3 18. Qc2 h5 19. Bg6 Qg5 20. dxe6 Qxe3+
21. Kb1 Qxe6 22. Ka1 Ne5 23. Bxh5 Rh3 24. Bxg4 Nxg4 25. c5 Re8 26. Qa4 Bf3 27.
Rc1 Rxh2 28. cxd6 Rxb2 29. dxc7 Rbb8 30. cxb8=Q Rxb8 31. Qd4 Qb6 32. Qxb6 axb6
33. Rc7 Rf8 34. Rg3 Rf5 35. Kb2 Kh7 36. Kc3 Kh6 37. Re7 Nf6 38. Re6 b5 39. a3
g5 40. Kd4 g4 41. Re5 Kg5 42. Rg1 Rxe5 43. Kxe5 Ne4 44. Rb1 g3 45. Rxb5 g2 46.
Rb1 Nc3 47. Re1 Be2 48. Rg1 Bf1 49. Kd6 Nb5+ 50. Ke5 Nxa3 51. Ke4 Kg4 52. Ke3
Kg3 53. Kd4 Nb5+ 54. Kc5 Nc3 55. Rxg2+ Bxg2 56. Kd4 Nb5+ 57. Kc5 Bf1 58. Kd5
Kf4 59. Ke6 Bc4+ 60. Kf6 Nc7 61. Ke7 Ke5 62. Kd7 Ne6 63. Kc6 Bd3 64. Kb6 Kd6
65. Ka5 Kc5 66. Ka4 Nd4 67. Ka3 Kc4 68. Kb2 Ne2 69. Ka2 Kc3 70. Ka1 Nd4 71. Ka2
Nb3 72. Ka3 Bb1 73. Ka4 Nd4 74. Ka5 Kc4 75. Kb6 Nb5 76. Kc6 Bf5 77. Kb6 Be6 78.
Ka5 Bg4 79. Kb6 Bd7 80. Ka5 Kb3 81. Ka6 Ka4 82. Kb6 Kb4 83. Ka6 Nc3 84. Kb6
Nd5+ 85. Ka6 Ka4 86. Ka7 Bc8 87. Kb8 Ba6 88. Ka7 Ka5 89. Kb8 Kb6 90. Ka8 Nb4
91. Kb8 Nc6+ 92. Ka8 Bb7# 0-1